Statistics for Cleveland Cavaliers Roster 2014-2015

Click here to take the quiz!

General Stats

  • This quiz has been taken 386 times
  • The average score is 8 of 15

Answer Stats

HintAnswer% Correct
SFLebron James
98%
PGKyrie Irving
97%
PFKevin Love
92%
SGJ.R. Smith
89%
PFTristan Thompson
76%
SFIman Shumpert
64%
SFJames Jones
43%
PFAnderson Varejao
39%
PGMatthew Dellavedova
39%
SFMike Miller
28%
CKendrick Perkins
21%
PFShawn Marion
21%
SGJoe Harris
18%
CBrendan Haywood
17%
CTimofey Mosgov
11%

Score Distribution

Percentile by Number Answered

Percent of People with Each Score

Your Score History

You have not taken this quiz